[Event "FICGS class A 000254 email"]
[Site "FICGS email"]
[Date "2021.12.30"]
[Round "1"]
[White "Jozefini, Lubor"]
[Black "Wiaderek, Piotr"]
[Result "0-1"]
[WhiteElo "2011"]
[BlackElo "2191"]
[PlyCount "60"]
[EventDate "2021.??.??"]
[EventType "tourn (corr)"]
[EventRounds "6"]
[SourceTitle "Corr 2024"]
[Source "ChessBase"]
[SourceDate "2023.10.19"]
[SourceVersion "1"]
[SourceVersionDate "2023.10.19"]
[SourceQuality "1"]

1. d4 Nf6 2. c4 e6 3. Nc3 Bb4 4. Bf4 Bxc3+ 5. bxc3 b6 6. e4 Nxe4 7. Be5 Nc6 8. Bxg7 Rg8 9. Qc2 Rxg7 10. Qxe4 Bb7 11. Ne2 Qe7 12. Ng3 0-0-0 13. Qe2 Rdg8 14. c5 f5 15. a4 Na5 16. Rd1 Rf7 17. h4 e5 18. cxb6 axb6 19. dxe5 Qc5 20. Rd3 Rg4 21. Rh3 Rxa4 22. Qd1 Bc6 23. Ne2 Nc4 24. Rd4 Qxe5 25. f4 Qc5 26. Kf2 Rg7 27. Qe1 Ra2 28. Qb1 Rb2 29. Qd1 b5 30. Qa1 Qe7 0-1

[Event "FICGS theme 0002 email"]
[Site "FICGS email"]
[Date "2021.04.19"]
[Round "1"]
[White "Wiaderek, Piotr"]
[Black "Jozefini, Lubor"]
[Result "1-0"]
[WhiteElo "2000"]
[BlackElo "1989"]
[PlyCount "65"]
[EventDate "2021.??.??"]
[EventType "swiss (corr)"]
[EventRounds "1"]
[SourceTitle "Corr 2024"]
[Source "ChessBase"]
[SourceDate "2023.10.19"]
[SourceVersion "1"]
[SourceVersionDate "2023.10.19"]
[SourceQuality "1"]

1. e4 e5 2. Bc4 c6 3. Nc3 b5 4. Bb3 a5 5. a4 b4 6. Nce2 Nf6 7. Nf3 Nxe4 8. Nxe5 d5 9. d4 Qc7 10. Ng3 Nxg3 11. hxg3 Bd6 12. Qe2 Ba6 13. Qg4 Bxe5 14. dxe5 Qxe5+ 15. Be3 h5 16. Qh4 f6 17. 0-0-0 g5 18. Qh2 Nd7 19. Rhe1 Kf7 20. Bc5 Qf5 21. Re7+ Kg6 22. g4 Qxg4 23. f3 Qf5 24. c4 Nxc5 25. Bc2 Qxc2+ 26. Kxc2 Bxc4 27. Rde1 Nd3 28. R1e3 b3+ 29. Kc3 d4+ 30. Kxd4 Nxb2 31. Kc3 Nd1+ 32. Kxc4 Nxe3+ 33. Rxe3 1-0

[Event "FICGS class C 000337 email"]
[Site "FICGS email"]
[Date "2021.02.07"]
[Round "1"]
[White "Pech, Jaroslav Sr"]
[Black "Jozefini, Lubor"]
[Result "1/2-1/2"]
[WhiteElo "1904"]
[BlackElo "1971"]
[PlyCount "64"]
[EventDate "2021.??.??"]
[EventType "tourn (corr)"]
[EventRounds "1"]
[SourceTitle "Corr 2022"]
[Source "ChessBase"]
[SourceDate "2021.10.24"]
[SourceVersion "1"]
[SourceVersionDate "2021.10.24"]
[SourceQuality "1"]

1. e4 g6 2. d4 Bg7 3. Nc3 c5 4. d5 d6 5. Nf3 Nf6 6. Bb5+ Bd7 7. a4 Bxb5 8. axb5 Nbd7 9. 0-0 0-0 10. h3 a6 11. bxa6 Qb6 12. Qe2 Rxa6 13. Rb1 Ra5 14. Nd2 Raa8 15. Nc4 Qa6 16. b4 Nh5 17. b5 Qa7 18. g4 Ng3 19. fxg3 Bxc3 20. Rb3 Bd4+ 21. Kg2 Qa2 22. Bb2 Bxb2 23. Rxb2 Qa4 24. h4 f6 25. c3 Kg7 26. Rh1 Ne5 27. Nb6 Qa3 28. Nxa8 Rxa8 29. Rc2 Qb3 30. g5 Ra3 31. Rhc1 Qa4 32. Rb1 Nc4 1/2-1/2

[Event "SB-2018-0-00554"]
[Site "LSS email"]
[Date "2018.11.21"]
[Round "?"]
[White "Stancl, Vladimir"]
[Black "Jozefini, Lubor"]
[Result "1/2-1/2"]
[WhiteElo "2061"]
[BlackElo "1823"]
[PlyCount "64"]
[EventDate "2018.10.28"]
[EventType "tourn (corr)"]
[EventRounds "6"]
[EventCountry "GER"]
[SourceTitle "Corr 2022"]
[Source "ChessBase"]
[SourceDate "2021.10.24"]
[SourceVersion "1"]
[SourceVersionDate "2021.10.24"]
[SourceQuality "1"]

1. Nf3 c6 2. e4 d5 3. Nc3 Bg4 4. d4 Nf6 5. Bd3 e6 6. h3 Bh5 7. 0-0 dxe4 8. Nxe4 Nxe4 9. Bxe4 Nd7 10. Be3 Bd6 11. Re1 Nf6 12. Bd3 Qc7 13. c4 Bb4 14. Rf1 Bd6 15. Qe2 0-0 16. Rad1 Rfe8 17. Rfe1 a5 18. g4 Bg6 19. Bxg6 hxg6 20. Bg5 a4 21. Ne5 b5 22. Rc1 Qb7 23. h4 bxc4 24. Nxc4 Bb4 25. Red1 Nd5 26. Rd3 Qc7 27. Qe5 Qxe5 28. dxe5 Reb8 29. a3 Ba5 30. Nxa5 Rxa5 31. Rc2 c5 32. Kg2 Rab5 1/2-1/2

[Event "SB-2018-0-00554"]
[Site "LSS email"]
[Date "2018.11.20"]
[Round "?"]
[White "Jozefini, Lubor"]
[Black "Wittal, Werner"]
[Result "1/2-1/2"]
[WhiteElo "1823"]
[BlackElo "1969"]
[PlyCount "64"]
[EventDate "2018.10.28"]
[EventType "tourn (corr)"]
[EventRounds "6"]
[EventCountry "GER"]
[SourceTitle "Corr 2022"]
[Source "ChessBase"]
[SourceDate "2021.10.24"]
[SourceVersion "1"]
[SourceVersionDate "2021.10.24"]
[SourceQuality "1"]

1. e4 e5 2. Nf3 Nc6 3. Bb5 a6 4. Ba4 Nf6 5. d3 d6 6. c3 g6 7. d4 b5 8. dxe5 dxe5 9. Qxd8+ Nxd8 10. Bc2 Bd6 11. Bg5 Ke7 12. 0-0 Ne6 13. Bh4 h6 14. Bg3 Nd7 15. Nbd2 f6 16. Rfd1 Nb6 17. Ne1 Rd8 18. f3 h5 19. Bf2 a5 20. Nd3 Bb7 21. Nf1 a4 22. b3 Kf7 23. h4 Nf4 24. Ng3 Nxd3 25. Bxd3 axb3 26. axb3 Bc6 27. Kf1 Bf8 28. Ke2 Nd7 29. b4 Nb6 30. Bxb6 cxb6 31. Nf1 Ra4 32. Ne3 Be7 1/2-1/2

[Event "SB-2018-0-00554"]
[Site "LSS email"]
[Date "2018.11.20"]
[Round "?"]
[White "Vaassen, Jack M"]
[Black "Jozefini, Lubor"]
[Result "1-0"]
[WhiteElo "2088"]
[BlackElo "1823"]
[PlyCount "37"]
[EventDate "2018.10.28"]
[EventType "tourn (corr)"]
[EventRounds "6"]
[EventCountry "GER"]
[SourceTitle "Corr 2022"]
[Source "ChessBase"]
[SourceDate "2021.10.24"]
[SourceVersion "1"]
[SourceVersionDate "2021.10.24"]
[SourceQuality "1"]

1. e4 c5 2. Nf3 e6 3. d4 cxd4 4. Nxd4 Bc5 5. Be3 Qb6 6. Nb5 Bxe3 7. fxe3 Qxe3+ 8. Be2 Na6 9. N1c3 Nh6 10. Nd6+ Ke7 11. Nc4 Qc5 12. e5 b5 13. Ne4 Qd5 14. Qc1 Bb7 15. Qg5+ Kf8 16. Rd1 Qc6 17. Ncd6 Nf5 18. Bf3 h6 19. Qd2 1-0

[Event "FICGS class C 000251 email"]
[Site "FICGS email"]
[Date "2016.11.28"]
[Round "1"]
[White "De la Foret, Fred"]
[Black "Jozefini, Lubor"]
[Result "0-1"]
[WhiteElo "1900"]
[BlackElo "1865"]
[PlyCount "20"]
[EventDate "2016.??.??"]
[EventType "tourn (corr)"]
[EventRounds "1"]
[SourceTitle "Corr 2022"]
[Source "ChessBase"]
[SourceDate "2021.10.24"]
[SourceVersion "1"]
[SourceVersionDate "2021.10.24"]
[SourceQuality "1"]

1. d4 Nf6 2. Bg5 c5 3. dxc5 e6 4. b4 b6 5. Nf3 bxc5 6. bxc5 Bb7 7. g3 Bxc5 8. Bg2 Qb6 9. 0-0 Ne4 10. e3 0-0 0-1

[Event "SB-2015-0-00431"]
[Site "LSS email"]
[Date "2015.11.20"]
[Round "?"]
[White "Jozefini, Lubor"]
[Black "Bujdak, Pavel"]
[Result "1/2-1/2"]
[WhiteElo "1815"]
[BlackElo "1921"]
[PlyCount "120"]
[EventDate "2015.10.26"]
[EventType "tourn (corr)"]
[EventRounds "6"]
[EventCountry "GER"]
[SourceTitle "Corr 2022"]
[Source "ChessBase"]
[SourceDate "2021.10.24"]
[SourceVersion "1"]
[SourceVersionDate "2021.10.24"]
[SourceQuality "1"]

1. e4 c5 2. Nf3 d6 3. d4 cxd4 4. Nxd4 Nf6 5. f3 Nc6 6. c4 Qb6 7. Nc2 e6 8. Nc3 a6 9. Bd3 Be7 10. Be3 Qc7 11. f4 Bd7 12. Qe2 0-0 13. 0-0 Rac8 14. Na4 Nb4 15. Nxb4 Bxa4 16. Rac1 h6 17. Nc2 Bd7 18. Qf3 Qb8 19. Qg3 b5 20. b3 Bc6 21. Bd4 Qb7 22. Rce1 Rfd8 23. Bc3 h5 24. Nd4 Qb6 25. Kh1 Bb7 26. Nf3 bxc4 27. bxc4 Qc5 28. Rb1 Bc6 29. Rb3 Ba8 30. h3 Rd7 31. Bd4 Qa5 32. Rfb1 Qa4 33. Ng5 Qxa2 34. R3b2 Qa5 35. Qf2 Qd8 36. Rb6 e5 37. Be3 a5 38. Ra6 Bc6 39. Rbb6 Rdc7 40. c5 dxc5 41. Bc4 Qd1+ 42. Kh2 Nxe4 43. Bxf7+ Kf8 44. Nxe4 Kxf7 45. Ng5+ Bxg5 46. fxg5+ Kg6 47. Qb2 Qd5 48. Qc2+ Kf7 49. Rxa5 Qe4 50. Qf2+ Kg8 51. Rxc5 Kh7 52. Bd2 Rd7 53. Bc3 Rf8 54. g6+ Kg8 55. Qxf8+ Kxf8 56. Rb8+ Ke7 57. Rxe5+ Qxe5+ 58. Bxe5 Ke6 59. Bc3 Kf5 60. Re8 Bb7 1/2-1/2

[Event "SB-2015-0-00431"]
[Site "LSS email"]
[Date "2015.11.18"]
[Round "?"]
[White "Luers, Lavas"]
[Black "Jozefini, Lubor"]
[Result "1-0"]
[WhiteElo "2012"]
[BlackElo "1815"]
[PlyCount "119"]
[EventDate "2015.10.26"]
[EventType "tourn (corr)"]
[EventRounds "6"]
[EventCountry "GER"]
[SourceTitle "Corr 2022"]
[Source "ChessBase"]
[SourceDate "2021.10.24"]
[SourceVersion "1"]
[SourceVersionDate "2021.10.24"]
[SourceQuality "1"]

1. e4 c5 2. Nf3 d6 3. d4 cxd4 4. Nxd4 Nf6 5. Nc3 Bd7 6. f3 e5 7. Nb3 Be7 8. Be3 0-0 9. Qd2 a5 10. a4 Na6 11. g4 Nb4 12. 0-0-0 Be6 13. Kb1 Qc7 14. g5 Nh5 15. Rg1 d5 16. Nxd5 Nxd5 17. exd5 Bxd5 18. Qxd5 Rad8 19. Bb5 Rxd5 20. Rxd5 Rd8 21. Rgd1 Rxd5 22. Rxd5 Bd6 23. Nxa5 Nf4 24. Bxf4 exf4 25. Nxb7 Be7 26. Rd7 Qe5 27. h4 h6 28. Bc4 Kf8 29. a5 hxg5 30. hxg5 Qe1+ 31. Ka2 Qb4 32. Rc7 g6 33. a6 Qb6 34. Rd7 Qc6 35. Rd4 Bxg5 36. b3 Be7 37. Bd3 Qb6 38. Ra4 Qa7 39. Rxf4 Qe3 40. Re4 Qb6 41. Ra4 Qa7 42. b4 Qd4 43. Kb3 Bf6 44. Ra3 Qd5+ 45. Ka4 Qc6+ 46. b5 Qxf3 47. Na5 Be7 48. Nc6 Qg4+ 49. Kb3 Qe6+ 50. Bc4 Qe3+ 51. c3 Bf6 52. Kb4 Be7+ 53. Nxe7 Qxe7+ 54. Kb3 Qa7 55. Ra1 Ke7 56. Rf1 f6 57. Re1+ Kd7 58. Re6 Qg1 59. b6 Qb1+ 60. Ka4 1-0

[Event "FICGS class C 000226 email"]
[Site "FICGS email"]
[Date "2015.06.06"]
[Round "1"]
[White "Jozefini, Lubor"]
[Black "Kopasov, Evgeny Aleksandrovi"]
[Result "0-1"]
[WhiteElo "1939"]
[BlackElo "1985"]
[PlyCount "132"]
[EventDate "2015.??.??"]
[EventType "tourn (corr)"]
[EventRounds "1"]
[SourceTitle "Corr 2022"]
[Source "ChessBase"]
[SourceDate "2021.10.24"]
[SourceVersion "1"]
[SourceVersionDate "2021.10.24"]
[SourceQuality "1"]

1. Nf3 Nf6 2. b4 e6 3. a3 d5 4. e3 Be7 5. Bb2 0-0 6. c4 a5 7. b5 Nbd7 8. Qc2 c5 9. d3 b6 10. Be2 Bb7 11. Nbd2 Ne8 12. 0-0 Bf6 13. Rac1 Nd6 14. a4 Rc8 15. Rfd1 Qe7 16. Qb1 Rfd8 17. Qa1 Bxb2 18. Qxb2 d4 19. exd4 Nf5 20. d5 exd5 21. Re1 d4 22. Bf1 Qf8 23. g3 Nd6 24. Qb3 Re8 25. Bh3 Rxe1+ 26. Rxe1 Re8 27. Qd1 Re7 28. Bg2 Qe8 29. Rxe7 Qxe7 30. Nh4 Bc8 31. Qf3 Qe1+ 32. Nf1 Bb7 33. Qf4 Qe5 34. Qd2 Bc8 35. f4 Qe6 36. Nf3 h6 37. Kf2 Nf8 38. Qe1 Qxe1+ 39. Nxe1 g5 40. fxg5 hxg5 41. Nd2 Ng6 42. Ne4 Nxe4+ 43. Bxe4 Kg7 44. Nf3 f5 45. Bd5 g4 46. Ng5 Ne5 47. Ke2 Kf6 48. Nh7+ Ke7 49. Ng5 f4 50. gxf4 Ng6 51. Be4 Nxf4+ 52. Ke1 Kf6 53. Nh7+ Kg7 54. Ng5 Kh6 55. Nf7+ Kh5 56. Nd6 Be6 57. Kf2 Kh4 58. Kg1 Kh3 59. Kh1 g3 60. hxg3 Kxg3 61. Kg1 Bh3 62. Kh1 Ne2 63. Bd5 Nc3 64. Ne4+ Kf4 65. Kg1 Nxa4 66. Kf2 Nc3 0-1

[Event "CP-2014-P-00031"]
[Site "LSS email"]
[Date "2014.09.30"]
[Round "?"]
[White "Jozefini, Lubor"]
[Black "Fineboim, Igor"]
[Result "1/2-1/2"]
[WhiteElo "1783"]
[BlackElo "2093"]
[PlyCount "118"]
[EventDate "2014.10.01"]
[EventType "tourn (corr)"]
[EventRounds "6"]
[EventCountry "GER"]
[SourceTitle "Corr 2022"]
[Source "ChessBase"]
[SourceDate "2021.10.24"]
[SourceVersion "1"]
[SourceVersionDate "2021.10.24"]
[SourceQuality "1"]

1. e4 c5 2. Nf3 d6 3. d4 cxd4 4. Nxd4 Nf6 5. f3 e5 6. Nb3 Be6 7. c4 Be7 8. Nc3 a5 9. Be3 a4 10. Nd2 a3 11. b3 Nc6 12. Nb5 0-0 13. Nb1 d5 14. cxd5 Bxd5 15. exd5 Nxd5 16. Bd2 Qb6 17. N1c3 Nxc3 18. Nxc3 Rfd8 19. Bc4 Bb4 20. Rc1 Rd6 21. Ke2 Rad8 22. Be3 Rxd1 23. Bxb6 R8d2+ 24. Ke3 Rxh1 25. Kxd2 Rxc1 26. Kxc1 Bxc3 27. Kc2 Bd4 28. Bc7 Bc5 29. b4 Bxb4 30. Kb3 Be7 31. Bd5 Nd4+ 32. Ka4 b5+ 33. Ka5 Nc2 34. Kxb5 Ne3 35. Be4 f6 36. g4 Kf7 37. Ba5 g6 38. Bd3 Ke6 39. Bd2 Ng2 40. Kc6 Kf7 41. Bc4+ Kg7 42. Kd5 Nf4+ 43. Ke4 Bd6 44. Bc1 Bb4 45. Be3 Bc3 46. Bc5 Bb2 47. Be3 Nh3 48. Kd5 Kf8 49. Bc5+ Kf7 50. Bb6 f5 51. Bf1 Nf4+ 52. Kd6 fxg4 53. fxg4 g5 54. Bb5 h5 55. gxh5 Nxh5 56. Bc4+ Kf6 57. Bd3 Nf4 58. Bd8+ Kg7 59. Bf5 Kh6 1/2-1/2